[Event "ODJM C 2025"]
[Site "Willingen GER"]
[Date "2025.06.09"]
[Round "3"]
[White "Hempel, Christian"]
[Black "Schöning, Leopold"]
[Result "0-1"]
[Termination "normal"]
[Board "9"]
[WhiteElo "1457"]
[BlackElo "1525"]
[WhiteClock "00:01:23"]
[BlackClock "00:17:47"]
[PlyCount "72"]
[WhiteFideId "34660470"]
[BlackFideId "34678964"]
[EventCountry "GER"]
[EventRounds "9"]
[EventType "swiss"]
[EventDate "2025.06.07"]

1. d4 {[%clk 01:30:58]} Nf6 {[%clk 01:29:58]} {[%emt 00:01:00]} 2. c4 {[%clk
01:31:21]} {[%emt 00:00:08]} g6 {[%clk 01:29:57]} {[%emt 00:00:31]} 3. Nc3
{[%clk 01:31:32]} {[%emt 00:00:19]} Bg7 {[%clk 01:29:46]} {[%emt 00:00:41]} 4.
Nf3 {[%clk 01:31:45]} {[%emt 00:00:18]} O-O {[%clk 01:29:44]} {[%emt 00:00:29]}
5. e4 {[%clk 01:31:16]} {[%emt 00:01:01]} d6 {[%clk 01:29:31]} {[%emt
00:00:43]} 6. Bg5 {[%clk 01:31:29]} {[%emt 00:00:17]} h6 {[%clk 01:24:35]}
{[%emt 00:05:25]} 7. Bh4 {[%clk 01:31:30]} {[%emt 00:00:30]} Nbd7 {[%clk
01:21:05]} {[%emt 00:04:00]} 8. Bd3 {[%clk 01:29:37]} {[%emt 00:02:23]} c5
{[%clk 01:20:35]} {[%emt 00:00:59]} 9. d5 {[%clk 01:29:17]} {[%emt 00:00:50]}
Qb6 {[%clk 01:18:08]} {[%emt 00:02:58]} 10. Qc2 {[%clk 01:27:51]} {[%emt
00:01:56]} g5 {[%clk 01:16:15]} {[%emt 00:02:22]} 11. Bg3 {[%clk 01:26:12]}
{[%emt 00:02:11]} Re8 {[%clk 01:12:35]} {[%emt 00:04:09]} 12. O-O {[%clk
01:24:42]} {[%emt 00:02:00]} Nf8 {[%clk 01:12:05]} {[%emt 00:00:59]} 13. h3
{[%clk 01:23:03]} {[%emt 00:02:10]} Nh5 {[%clk 01:08:48]} {[%emt 00:03:46]} 14.
Bh2 {[%clk 01:13:25]} {[%emt 00:10:09]} Ng6 {[%clk 01:07:56]} {[%emt 00:01:21]}
15. Rfe1 {[%clk 01:10:11]} {[%emt 00:03:45]} Nhf4 {[%clk 01:07:00]} {[%emt
00:01:25]} 16. Rab1 {[%clk 01:07:10]} {[%emt 00:03:31]} Qc7 {[%clk 01:05:42]}
{[%emt 00:01:48]} 17. Bxf4 {[%clk 01:05:51]} {[%emt 00:01:50]} Nxf4 {[%clk
01:05:48]} {[%emt 00:00:22]} 18. Re3 {[%clk 00:53:16]} {[%emt 00:13:06]} Bd4
{[%clk 00:58:13]} {[%emt 00:08:05]} 19. Ree1 {[%clk 00:50:31]} {[%emt
00:03:16]} Bg7 {[%clk 00:50:51]} {[%emt 00:07:51]} 20. Ne2 {[%clk 00:46:19]}
{[%emt 00:04:42]} Ng6 {[%clk 00:46:32]} {[%emt 00:04:49]} 21. b4 {[%clk
00:43:30]} {[%emt 00:03:20]} cxb4 {[%clk 00:42:16]} {[%emt 00:04:46]} 22. Rxb4
{[%clk 00:43:23]} {[%emt 00:00:37]} a5 {[%clk 00:38:47]} {[%emt 00:04:00]} 23.
Rbb1 {[%clk 00:41:57]} {[%emt 00:01:55]} Bd7 {[%clk 00:36:35]} {[%emt
00:02:41]} 24. Ned4 {[%clk 00:35:56]} {[%emt 00:06:32]} Nf4 {[%clk 00:35:39]}
{[%emt 00:01:25]} 25. Nf5 {[%clk 00:28:41]} {[%emt 00:07:45]} Bxf5 {[%clk
00:29:00]} {[%emt 00:07:09]} 26. exf5 {[%clk 00:28:33]} {[%emt 00:00:39]} Rac8
{[%clk 00:29:08]} {[%emt 00:00:21]} 27. Rbc1 {[%clk 00:24:23]} {[%emt
00:04:42]} Qc5 {[%clk 00:24:33]} {[%emt 00:05:04]} 28. Re4 {[%clk 00:17:46]}
{[%emt 00:07:06]} b5 {[%clk 00:22:37]} {[%emt 00:02:27]} 29. Nd2 {[%clk
00:13:03]} {[%emt 00:05:13]} Bd4 {[%clk 00:21:13]} {[%emt 00:01:54]} 30. Nb3
{[%clk 00:09:10]} {[%emt 00:04:23]} Bxf2+ {[%clk 00:20:31]} {[%emt 00:01:12]}
31. Kf1 {[%clk 00:08:32]} {[%emt 00:01:08]} Qa7 {[%clk 00:20:41]} {[%emt
00:00:19]} 32. Qd2 {[%clk 00:02:02]} {[%emt 00:07:00]} Nxd3 {[%clk 00:20:04]}
{[%emt 00:01:07]} 33. Qxd3 {[%clk 00:02:07]} {[%emt 00:00:26]} bxc4 {[%clk
00:18:45]} {[%emt 00:01:49]} 34. Rcxc4 {[%clk 00:02:01]} {[%emt 00:00:35]} Rxc4
{[%clk 00:18:28]} {[%emt 00:00:47]} 35. Qxc4 {[%clk 00:01:51]} {[%emt
00:00:41]} Bg3 {[%clk 00:18:16]} {[%emt 00:00:42]} 36. Qe2 {[%clk 00:01:23]}
{[%emt 00:00:58]} Bh2 {[%clk 00:17:47]} {[%emt 00:00:58]} 0-1

[Event "ODJM C 2025"]
[Site "Willingen GER"]
[Date "2025.06.09"]
[Round "3"]
[White "Lao, Theodora Siyuan"]
[Black "Abram, Kristina-Maria"]
[Result "0-1"]
[Termination "normal"]
[Board "10"]
[WhiteElo "1587"]
[BlackElo "1507"]
[WhiteClock "01:19:11"]
[BlackClock "01:10:41"]
[PlyCount "130"]
[WhiteFideId "34667547"]
[BlackFideId "16298349"]
[EventCountry "GER"]
[EventRounds "9"]
[EventType "swiss"]
[EventDate "2025.06.07"]

1. e4 {[%clk 01:30:59]} {[%emt 00:00:02]} d5 {[%clk 01:30:53]} {[%emt
00:00:09]} 2. exd5 {[%clk 01:31:23]} {[%emt 00:00:03]} Qxd5 {[%clk 01:31:19]}
{[%emt 00:00:04]} 3. Nc3 {[%clk 01:31:43]} {[%emt 00:00:09]} Qa5 {[%clk
01:31:42]} {[%emt 00:00:06]} 4. Bc4 {[%clk 01:32:04]} {[%emt 00:00:10]} Nf6
{[%clk 01:32:04]} {[%emt 00:00:07]} 5. d3 {[%clk 01:32:08]} {[%emt 00:00:26]}
c6 {[%clk 01:32:28]} {[%emt 00:00:09]} 6. Bd2 {[%clk 01:32:19]} {[%emt
00:00:17]} Qc7 {[%clk 01:32:53]} {[%emt 00:00:05]} 7. Qe2 {[%clk 01:32:17]}
{[%emt 00:00:31]} Bf5 {[%clk 01:32:59]} {[%emt 00:00:23]} 8. f3 {[%clk
01:32:01]} {[%emt 00:00:48]} h6 {[%clk 01:32:08]} {[%emt 00:01:20]} 9. g4
{[%clk 01:32:10]} {[%emt 00:00:21]} Bh7 {[%clk 01:32:29]} {[%emt 00:00:06]} 10.
f4 {[%clk 01:31:53]} {[%emt 00:00:50]} Nfd7 {[%clk 01:29:25]} {[%emt 00:03:34]}
11. Nf3 {[%clk 01:31:01]} {[%emt 00:01:23]} b5 {[%clk 01:27:27]} {[%emt
00:02:28]} 12. Bb3 {[%clk 01:30:22]} {[%emt 00:01:08]} Nc5 {[%clk 01:27:27]}
{[%emt 00:00:29]} 13. h4 {[%clk 01:29:20]} {[%emt 00:01:34]} Nxb3 {[%clk
01:27:15]} {[%emt 00:00:42]} 14. axb3 {[%clk 01:29:32]} {[%emt 00:00:18]} Nd7
{[%clk 01:27:25]} {[%emt 00:00:19]} 15. g5 {[%clk 01:29:27]} {[%emt 00:00:35]}
hxg5 {[%clk 01:27:47]} {[%emt 00:00:08]} 16. hxg5 {[%clk 01:29:40]} {[%emt
00:00:17]} Bxd3 {[%clk 01:27:55]} {[%emt 00:00:23]} 17. Qg2 {[%clk 01:28:31]}
{[%emt 00:01:31]} Rxh1+ {[%clk 01:28:13]} {[%emt 00:00:19]} 18. Qxh1 {[%clk
01:28:17]} {[%emt 00:00:44]} Bxc2 {[%clk 01:28:28]} {[%emt 00:00:16]} 19. Nd4
{[%clk 01:27:25]} {[%emt 00:01:20]} Bd3 {[%clk 01:27:43]} {[%emt 00:01:11]} 20.
Qf3 {[%clk 01:26:43]} b4 {[%clk 01:26:57]} {[%emt 00:02:34]} 21. Qxd3 {[%clk
01:26:07]} {[%emt 00:01:06]} bxc3 {[%clk 01:27:18]} {[%emt 00:00:09]} 22. bxc3
{[%clk 01:26:12]} {[%emt 00:00:25]} e5 {[%clk 01:26:31]} {[%emt 00:01:16]} 23.
fxe5 {[%clk 01:26:02]} {[%emt 00:00:40]} Qxe5+ {[%clk 01:25:05]} {[%emt
00:01:56]} 24. Qe2 {[%clk 01:25:36]} {[%emt 00:00:52]} Qxe2+ {[%clk 01:25:20]}
{[%emt 00:00:20]} 25. Kxe2 {[%clk 01:25:43]} {[%emt 00:00:22]} c5 {[%clk
01:24:11]} {[%emt 00:01:39]} 26. Nb5 {[%clk 01:25:47]} {[%emt 00:00:24]} Rb8
{[%clk 01:22:40]} {[%emt 00:02:02]} 27. c4 {[%clk 01:25:16]} {[%emt 00:01:02]}
f6 {[%clk 01:18:15]} {[%emt 00:04:55]} 28. Rxa7 {[%clk 01:24:50]} {[%emt
00:00:56]} fxg5 {[%clk 01:15:54]} {[%emt 00:02:51]} 29. Bxg5 {[%clk 01:24:53]}
{[%emt 00:00:27]} Be7 {[%clk 01:08:23]} {[%emt 00:08:01]} 30. Nc7+ {[%clk
01:23:39]} {[%emt 00:01:44]} Kf7 {[%clk 01:07:07]} {[%emt 00:01:46]} 31. Bxe7
{[%clk 01:23:10]} {[%emt 00:00:59]} Kxe7 {[%clk 01:07:14]} {[%emt 00:00:23]}
32. Na6 {[%clk 01:23:11]} {[%emt 00:00:28]} Rc8 {[%clk 01:07:09]} {[%emt
00:00:32]} 33. Ke3 {[%clk 01:22:36]} {[%emt 00:01:06]} Ke6 {[%clk 01:04:57]}
{[%emt 00:02:37]} 34. Kd3 {[%clk 01:22:13]} {[%emt 00:00:59]} g5 {[%clk
01:02:34]} {[%emt 00:02:54]} 35. b4 {[%clk 01:22:00]} {[%emt 00:00:43]} cxb4
{[%clk 01:02:45]} {[%emt 00:00:20]} 36. Nxb4 {[%clk 01:22:11]} {[%emt
00:00:18]} Ne5+ {[%clk 01:03:03]} {[%emt 00:00:12]} 37. Ke2 {[%clk 01:22:01]}
{[%emt 00:00:36]} Rxc4 {[%clk 01:03:05]} {[%emt 00:00:33]} 38. Nd3 {[%clk
01:21:37]} {[%emt 00:00:29]} Re4+ {[%clk 01:03:01]} {[%emt 00:00:56]} 39. Kd2
{[%clk 01:21:40]} {[%emt 00:00:29]} Rd4 {[%clk 01:03:22]} {[%emt 00:00:10]} 40.
Ra3 {[%clk 01:21:50]} {[%emt 00:00:19]} Nxd3 {[%clk 01:02:14]} {[%emt
00:01:39]} 41. Rxd3 {[%clk 01:21:39]} {[%emt 00:00:41]} Rxd3+ {[%clk 01:02:21]}
{[%emt 00:00:23]} 42. Kxd3 {[%clk 01:22:02]} {[%emt 00:00:06]} Kf5 {[%clk
01:02:49]} {[%emt 00:00:03]} 43. Ke2 {[%clk 01:21:17]} {[%emt 00:01:14]} Kg4
{[%clk 01:03:05]} {[%emt 00:00:15]} 44. Kf1 {[%clk 01:21:27]} {[%emt 00:00:19]}
Kf3 {[%clk 01:03:04]} {[%emt 00:00:19]} 45. Kg1 {[%clk 01:21:52]} {[%emt
00:00:17]} Kg3 {[%clk 01:03:31]} {[%emt 00:00:05]} 46. Kf1 {[%clk 01:22:11]}
{[%emt 00:00:10]} Kh2 {[%clk 01:03:53]} {[%emt 00:00:06]} 47. Kf2 {[%clk
01:22:38]} {[%emt 00:00:04]} g4 {[%clk 01:04:18]} {[%emt 00:00:05]} 48. Kf1
{[%clk 01:22:43]} {[%emt 00:00:26]} g3 {[%clk 01:04:43]} {[%emt 00:00:05]} 49.
Ke2 {[%clk 01:23:05]} {[%emt 00:00:05]} g2 {[%clk 01:05:11]} {[%emt 00:00:04]}
50. Kd3 {[%clk 01:23:00]} {[%emt 00:00:36]} g1=Q {[%clk 01:05:37]} {[%emt
00:00:05]} 51. Ke4 {[%clk 01:23:27]} {[%emt 00:00:02]} Kg3 {[%clk 01:05:56]}
{[%emt 00:00:09]} 52. Ke5 {[%clk 01:22:57]} {[%emt 00:01:00]} Qf2 {[%clk
01:06:17]} {[%emt 00:00:10]} 53. Ke4 {[%clk 01:22:48]} {[%emt 00:00:29]} Qf3+
{[%clk 01:06:44]} {[%emt 00:00:14]} 54. Ke5 {[%clk 01:23:12]} {[%emt 00:00:06]}
Qf4+ {[%clk 01:07:09]} {[%emt 00:00:05]} 55. Kd5 {[%clk 01:22:41]} {[%emt
00:00:57]} Kg4 {[%clk 01:07:34]} {[%emt 00:00:08]} 56. Ke6 {[%clk 01:22:32]}
{[%emt 00:00:40]} Qf5+ {[%clk 01:08:00]} {[%emt 00:00:04]} 57. Kd6 {[%clk
01:22:55]} {[%emt 00:00:06]} Kg5 {[%clk 01:08:27]} {[%emt 00:00:04]} 58. Kc6
{[%clk 01:21:48]} {[%emt 00:01:37]} Qe5 {[%clk 01:08:51]} {[%emt 00:00:05]} 59.
Kb6 {[%clk 01:21:52]} {[%emt 00:00:27]} Qd5 {[%clk 01:09:17]} {[%emt 00:00:05]}
60. Ka6 {[%clk 01:22:04]} {[%emt 00:00:17]} Qb3 {[%clk 01:09:39]} {[%emt
00:00:06]} 61. Ka5 {[%clk 01:22:16]} {[%emt 00:00:20]} Kf5 {[%clk 01:08:52]}
{[%emt 00:01:15]} 62. Ka6 {[%clk 01:20:19]} {[%emt 00:02:28]} Ke5 {[%clk
01:09:21]} {[%emt 00:00:02]} 63. Ka5 {[%clk 01:19:39]} {[%emt 00:01:10]} Kd6
{[%clk 01:09:45]} {[%emt 00:00:05]} 64. Ka6 {[%clk 01:19:37]} {[%emt 00:00:33]}
Kc6 {[%clk 01:10:13]} {[%emt 00:00:02]} 65. Ka7 {[%clk 01:19:11]} {[%emt
00:00:52]} Qb7# {[%clk 01:10:41]} {[%emt 00:00:06]} 0-1

[Event "ODJM C 2025"]
[Site "Willingen GER"]
[Date "2025.06.09"]
[Round "3"]
[White "Stelter, Torge"]
[Black "Kutz, Henning Jasper"]
[Result "1-0"]
[Termination "normal"]
[Board "11"]
[WhiteElo "1246"]
[BlackElo "1552"]
[WhiteClock "01:23:33"]
[BlackClock "01:18:05"]
[PlyCount "65"]
[WhiteFideId "533043698"]
[BlackFideId "34612882"]
[EventCountry "GER"]
[EventRounds "9"]
[EventType "swiss"]
[EventDate "2025.06.07"]

1. e4 {[%clk 01:30:59]} e5 {[%clk 01:30:56]} {[%emt 00:00:05]} 2. Nf3 {[%clk
01:31:24]} {[%emt 00:00:07]} Nc6 {[%clk 01:31:20]} {[%emt 00:00:02]} 3. Bc4
{[%clk 01:31:52]} {[%emt 00:00:03]} Bc5 {[%clk 01:31:46]} {[%emt 00:00:04]} 4.
d3 {[%clk 01:32:18]} {[%emt 00:00:05]} Nf6 {[%clk 01:32:10]} {[%emt 00:00:05]}
5. Nc3 {[%clk 01:32:43]} {[%emt 00:00:05]} d6 {[%clk 01:32:33]} {[%emt
00:00:10]} 6. h3 {[%clk 01:33:06]} {[%emt 00:00:04]} h6 {[%clk 01:32:57]}
{[%emt 00:00:06]} 7. Be3 {[%clk 01:33:33]} {[%emt 00:00:04]} Bxe3 {[%clk
01:33:21]} {[%emt 00:00:06]} 8. fxe3 {[%clk 01:33:58]} {[%emt 00:00:05]} O-O
{[%clk 01:33:44]} {[%emt 00:00:06]} 9. Qe2 {[%clk 01:33:37]} {[%emt 00:00:51]}
Re8 {[%clk 01:33:40]} {[%emt 00:00:34]} 10. g4 {[%clk 01:33:20]} {[%emt
00:00:47]} a6 {[%clk 01:33:21]} {[%emt 00:00:49]} 11. a3 {[%clk 01:32:17]}
{[%emt 00:01:33]} Bd7 {[%clk 01:32:56]} {[%emt 00:00:55]} 12. g5 {[%clk
01:32:24]} {[%emt 00:00:23]} hxg5 {[%clk 01:33:18]} {[%emt 00:00:08]} 13. Nxg5
{[%clk 01:32:49]} {[%emt 00:00:06]} Rf8 {[%clk 01:33:26]} {[%emt 00:00:21]} 14.
Nd5 {[%clk 01:31:08]} {[%emt 00:02:11]} Nxd5 {[%clk 01:29:30]} {[%emt
00:04:27]} 15. exd5 {[%clk 01:31:32]} {[%emt 00:00:06]} Qxg5 {[%clk 01:29:51]}
{[%emt 00:00:08]} 16. dxc6 {[%clk 01:31:55]} {[%emt 00:00:08]} Qh4+ {[%clk
01:30:09]} {[%emt 00:00:11]} 17. Kd2 {[%clk 01:32:06]} {[%emt 00:00:19]} Bxc6
{[%clk 01:30:32]} {[%emt 00:00:06]} 18. Rhg1 {[%clk 01:29:01]} {[%emt
00:03:19]} Qxh3 {[%clk 01:28:01]} {[%emt 00:03:18]} 19. Raf1 {[%clk 01:28:59]}
{[%emt 00:00:31]} b5 {[%clk 01:27:09]} {[%emt 00:01:23]} 20. Ba2 {[%clk
01:28:30]} {[%emt 00:00:58]} a5 {[%clk 01:26:27]} {[%emt 00:01:14]} 21. e4
{[%clk 01:25:26]} {[%emt 00:03:34]} Qh6+ {[%clk 01:25:15]} {[%emt 00:01:41]}
22. Kd1 {[%clk 01:24:52]} {[%emt 00:00:58]} b4 {[%clk 01:24:40]} {[%emt
00:01:11]} 23. Qf3 {[%clk 01:24:27]} {[%emt 00:00:53]} Be8 {[%clk 01:24:07]}
{[%emt 00:01:05]} 24. Rh1 {[%clk 01:24:18]} {[%emt 00:00:38]} Qf4 {[%clk
01:20:16]} {[%emt 00:04:22]} 25. Qh5 {[%clk 01:22:00]} {[%emt 00:02:46]} Qh6
{[%clk 01:18:56]} {[%emt 00:01:52]} 26. Qxh6 {[%clk 01:22:11]} {[%emt
00:00:18]} gxh6 {[%clk 01:19:19]} {[%emt 00:00:07]} 27. Rxh6 {[%clk 01:22:37]}
{[%emt 00:00:04]} Kg7 {[%clk 01:19:42]} {[%emt 00:00:08]} 28. Rh2 {[%clk
01:22:58]} {[%emt 00:00:05]} f6 {[%clk 01:19:27]} {[%emt 00:00:48]} 29. Rg2+
{[%clk 01:22:57]} {[%emt 00:00:31]} Bg6 {[%clk 01:19:27]} {[%emt 00:00:32]} 30.
Rfg1 {[%clk 01:23:17]} {[%emt 00:00:09]} bxa3 {[%clk 01:18:25]} {[%emt
00:01:32]} 31. Rxg6+ {[%clk 01:23:25]} {[%emt 00:00:22]} Kh7 {[%clk 01:18:42]}
{[%emt 00:00:13]} 32. R6g2 {[%clk 01:23:17]} {[%emt 00:00:36]} f5 {[%clk
01:18:05]} {[%emt 00:01:09]} 33. Rh2# {[%clk 01:23:33]} {[%emt 00:00:13]} 1-0

[Event "ODJM C 2025"]
[Site "Willingen GER"]
[Date "2025.06.09"]
[Round "3"]
[White "Bathmann, Severin"]
[Black "Englert, Ann"]
[Result "0-1"]
[Termination "normal"]
[Board "12"]
[WhiteElo "1107"]
[BlackElo "1614"]
[WhiteClock "00:34:36"]
[BlackClock "01:25:17"]
[PlyCount "158"]
[WhiteFideId "34697276"]
[BlackFideId "34606181"]
[EventCountry "GER"]
[EventRounds "9"]
[EventType "swiss"]
[EventDate "2025.06.07"]

1. e4 {[%clk 01:30:56]} {[%emt 00:00:03]} c5 {[%clk 01:30:56]} {[%emt
00:00:08]} 2. Nf3 {[%clk 01:31:16]} {[%emt 00:00:06]} Nc6 {[%clk 01:31:15]}
{[%emt 00:00:11]} 3. c3 {[%clk 01:31:31]} {[%emt 00:00:17]} g6 {[%clk
01:31:20]} {[%emt 00:00:24]} 4. d4 {[%clk 01:31:41]} {[%emt 00:00:19]} cxd4
{[%clk 01:31:15]} {[%emt 00:00:34]} 5. cxd4 {[%clk 01:32:03]} {[%emt 00:00:09]}
Bg7 {[%clk 01:31:17]} {[%emt 00:00:27]} 6. Bd3 {[%clk 01:31:10]} {[%emt
00:01:24]} Nxd4 {[%clk 01:29:44]} {[%emt 00:02:03]} 7. Nxd4 {[%clk 01:31:30]}
{[%emt 00:00:09]} Bxd4 {[%clk 01:30:08]} {[%emt 00:00:07]} 8. O-O {[%clk
01:31:46]} {[%emt 00:00:14]} Bg7 {[%clk 01:30:13]} {[%emt 00:00:24]} 9. Qf3
{[%clk 01:31:37]} {[%emt 00:00:39]} e6 {[%clk 01:30:01]} {[%emt 00:00:43]} 10.
Re1 {[%clk 01:31:45]} {[%emt 00:00:22]} Ne7 {[%clk 01:30:03]} {[%emt 00:00:27]}
11. Bg5 {[%clk 01:31:55]} {[%emt 00:00:21]} Bxb2 {[%clk 01:27:14]} {[%emt
00:03:19]} 12. Bf6 {[%clk 01:31:17]} {[%emt 00:01:08]} Bxa1 {[%clk 01:26:45]}
{[%emt 00:00:59]} 13. Bxa1 {[%clk 01:31:36]} {[%emt 00:00:10]} Rg8 {[%clk
01:25:45]} {[%emt 00:01:29]} 14. Nc3 {[%clk 01:26:46]} {[%emt 00:05:22]} a6
{[%clk 01:23:10]} {[%emt 00:03:06]} 15. Qf6 {[%clk 01:26:32]} {[%emt 00:00:43]}
b5 {[%clk 01:18:19]} {[%emt 00:05:21]} 16. Bb2 {[%clk 01:24:40]} {[%emt
00:02:23]} Rb8 {[%clk 01:17:46]} {[%emt 00:01:01]} 17. Bc1 {[%clk 01:19:57]}
{[%emt 00:05:14]} b4 {[%clk 01:16:57]} {[%emt 00:01:18]} 18. Nd5 {[%clk
01:18:28]} {[%emt 00:02:00]} Nxd5 {[%clk 01:17:17]} {[%emt 00:00:10]} 19. Qxd8+
{[%clk 01:18:47]} {[%emt 00:00:11]} Kxd8 {[%clk 01:17:39]} {[%emt 00:00:07]}
20. exd5 {[%clk 01:19:04]} {[%emt 00:00:14]} Bb7 {[%clk 01:17:03]} {[%emt
00:01:05]} 21. dxe6 {[%clk 01:18:42]} {[%emt 00:00:52]} dxe6 {[%clk 01:17:20]}
{[%emt 00:00:13]} 22. Be3 {[%clk 01:18:04]} {[%emt 00:00:41]} Bd5 {[%clk
01:14:28]} {[%emt 00:03:50]} 23. Rd1 {[%clk 01:17:40]} {[%emt 00:00:54]} Ke8
{[%clk 01:13:35]} {[%emt 00:01:21]} 24. Bb1 {[%clk 01:13:21]} {[%emt 00:04:51]}
a5 {[%clk 01:13:40]} {[%emt 00:00:25]} 25. Bg5 {[%clk 01:09:46]} {[%emt
00:04:05]} a4 {[%clk 01:13:24]} {[%emt 00:00:46]} 26. Bc2 {[%clk 01:02:59]}
{[%emt 00:07:17]} b3 {[%clk 01:13:45]} {[%emt 00:00:08]} 27. Rb1 {[%clk
01:03:17]} {[%emt 00:00:12]} Kd7 {[%clk 01:13:16]} {[%emt 00:00:58]} 28. axb3
{[%clk 01:02:38]} {[%emt 00:01:11]} axb3 {[%clk 01:13:42]} {[%emt 00:00:05]}
29. Bd1 {[%clk 01:02:40]} {[%emt 00:00:27]} Ra8 {[%clk 01:13:31]} {[%emt
00:00:39]} 30. h3 {[%clk 01:02:36]} {[%emt 00:00:36]} Rgb8 {[%clk 01:13:29]}
{[%emt 00:00:29]} 31. Bf6 {[%clk 01:02:11]} {[%emt 00:00:58]} Ra2 {[%clk
01:12:54]} {[%emt 00:01:02]} 32. Bb2 {[%clk 00:58:30]} {[%emt 00:04:13]} Be4
{[%clk 01:13:02]} {[%emt 00:00:20]} 33. Be5 {[%clk 00:58:12]} {[%emt 00:00:51]}
Rb5 {[%clk 01:13:10]} {[%emt 00:00:21]} 34. Rxb3 {[%clk 00:54:53]} {[%emt
00:03:49]} Rxe5 {[%clk 01:13:03]} {[%emt 00:00:37]} 35. Re3 {[%clk 00:54:11]}
{[%emt 00:01:13]} Ra1 {[%clk 01:12:58]} {[%emt 00:00:33]} 36. Re1 {[%clk
00:54:04]} {[%emt 00:00:38]} Kd6 {[%clk 01:10:53]} {[%emt 00:02:36]} 37. f4
{[%clk 00:53:58]} {[%emt 00:00:36]} Rd5 {[%clk 01:11:01]} {[%emt 00:00:20]} 38.
Rxe4 {[%clk 00:52:36]} {[%emt 00:01:54]} Rdxd1+ {[%clk 01:11:23]} {[%emt
00:00:08]} 39. Kh2 {[%clk 00:52:48]} {[%emt 00:00:18]} f5 {[%clk 01:11:44]}
{[%emt 00:00:09]} 40. Re5 {[%clk 00:52:31]} {[%emt 00:00:45]} Ra2 {[%clk
01:11:48]} {[%emt 00:00:27]} 41. h4 {[%clk 00:51:41]} {[%emt 00:01:21]} Rdd2
{[%clk 01:12:09]} {[%emt 00:00:09]} 42. h5 {[%clk 00:45:36]} {[%emt 00:06:35]}
Rxg2+ {[%clk 01:12:13]} {[%emt 00:00:26]} 43. Kh1 {[%clk 00:45:47]} {[%emt
00:00:18]} Rh2+ {[%clk 01:12:32]} {[%emt 00:00:09]} 44. Kg1 {[%clk 00:46:06]}
{[%emt 00:00:14]} Rhd2 {[%clk 01:12:37]} {[%emt 00:00:24]} 45. Re1 {[%clk
00:46:11]} {[%emt 00:00:25]} Re2 {[%clk 01:13:01]} {[%emt 00:00:05]} 46. Rd1+
{[%clk 00:46:30]} {[%emt 00:00:13]} Rad2 {[%clk 01:13:20]} {[%emt 00:00:10]}
47. Ra1 {[%clk 00:46:13]} {[%emt 00:00:48]} Kd5 {[%clk 01:13:30]} {[%emt
00:00:20]} 48. hxg6 {[%clk 00:44:54]} {[%emt 00:01:49]} hxg6 {[%clk 01:13:54]}
{[%emt 00:00:05]} 49. Kf1 {[%clk 00:42:12]} {[%emt 00:03:12]} Ke4 {[%clk
01:14:17]} {[%emt 00:00:08]} 50. Ra4+ {[%clk 00:42:29]} {[%emt 00:00:13]} Kf3
{[%clk 01:14:41]} {[%emt 00:00:05]} 51. Ra3+ {[%clk 00:41:58]} {[%emt
00:01:02]} Re3 {[%clk 01:15:02]} {[%emt 00:00:06]} 52. Ra1 {[%clk 00:38:54]}
{[%emt 00:03:37]} Rf2+ {[%clk 01:15:22]} {[%emt 00:00:09]} 53. Kg1 {[%clk
00:38:57]} {[%emt 00:00:28]} Kg3 {[%clk 01:15:28]} {[%emt 00:00:22]} 54. Rb1
{[%clk 00:37:47]} {[%emt 00:01:42]} Ref3 {[%clk 01:15:27]} {[%emt 00:00:26]}
55. Ra1 {[%clk 00:37:37]} {[%emt 00:00:45]} Rxf4 {[%clk 01:15:41]} {[%emt
00:00:16]} 56. Ra3+ {[%clk 00:35:37]} {[%emt 00:02:30]} R2f3 {[%clk 01:16:02]}
{[%emt 00:00:08]} 57. Ra1 {[%clk 00:34:26]} {[%emt 00:01:42]} Rf1+ {[%clk
01:16:25]} {[%emt 00:00:06]} 58. Rxf1 {[%clk 00:34:36]} {[%emt 00:00:20]} Rxf1+
{[%clk 01:16:54]} {[%emt 00:00:02]} 59. Kxf1 {[%clk 00:34:53]} {[%emt
00:00:13]} f4 {[%clk 01:17:19]} {[%emt 00:00:04]} 60. Kg1 {[%clk 00:35:01]}
{[%emt 00:00:22]} f3 {[%clk 01:17:46]} {[%emt 00:00:04]} 61. Kh1 {[%emt
00:01:29]} e5 {[%clk 01:18:05]} {[%emt 00:00:08]} 62. Kg1 {[%clk 00:34:24]}
{[%emt 00:00:10]} f2+ {[%clk 01:18:33]} {[%emt 00:00:02]} 63. Kf1 {[%clk
00:34:36]} {[%emt 00:00:18]} e4 {[%clk 01:18:58]} {[%emt 00:00:05]} 64. Ke2
{[%clk 00:33:40]} {[%emt 00:01:26]} Kg2 {[%clk 01:19:27]} {[%emt 00:00:02]} 65.
Ke3 {[%clk 00:33:48]} {[%emt 00:00:22]} f1=Q {[%clk 01:19:52]} {[%emt
00:00:05]} 66. Kxe4 {[%clk 00:33:52]} {[%emt 00:00:26]} Qf3+ {[%clk 01:20:17]}
{[%emt 00:00:04]} 67. Ke5 {[%clk 00:34:09]} {[%emt 00:00:14]} g5 {[%clk
01:20:35]} {[%emt 00:00:11]} 68. Ke6 {[%clk 00:34:22]} {[%emt 00:00:17]} Kg3
{[%clk 01:20:58]} {[%emt 00:00:07]} 69. Ke5 {[%clk 00:34:39]} {[%emt 00:00:14]}
Qf4+ {[%clk 01:21:22]} {[%emt 00:00:05]} 70. Kd5 {[%clk 00:34:19]} {[%emt
00:00:51]} Qe3 {[%clk 01:21:46]} {[%emt 00:00:06]} 71. Kd6 {[%clk 00:34:02]}
{[%emt 00:00:46]} Kf4 {[%clk 01:22:07]} {[%emt 00:00:10]} 72. Kd5 {[%clk
00:33:46]} {[%emt 00:00:46]} Qe5+ {[%clk 01:22:29]} {[%emt 00:00:07]} 73. Kc4
{[%clk 00:34:07]} {[%emt 00:00:10]} Qd6 {[%clk 01:22:56]} {[%emt 00:00:03]} 74.
Kc3 {[%clk 00:34:07]} {[%emt 00:00:30]} Ke3 {[%clk 01:23:21]} {[%emt 00:00:05]}
75. Kc4 {[%clk 00:34:06]} {[%emt 00:00:30]} Qc6+ {[%clk 01:23:43]} {[%emt
00:00:08]} 76. Kb4 {[%clk 00:34:20]} {[%emt 00:00:17]} Kd3 {[%clk 01:24:07]}
{[%emt 00:00:05]} 77. Ka5 {[%clk 00:34:06]} {[%emt 00:00:46]} Qb7 {[%clk
01:24:30]} {[%emt 00:00:06]} 78. Ka4 {[%clk 00:34:32]} {[%emt 00:00:04]} Kc3
{[%clk 01:24:54]} {[%emt 00:00:05]} 79. Ka5 {[%clk 00:34:36]} {[%emt 00:00:26]}
Kc4 {[%clk 01:25:17]} {[%emt 00:00:04]} 0-1